Регионална библиотека "Любен Каравелов" - Русе

Георги Илиев (Запис номер 79956)

MARC детайли
000 -Лидер
Контролно поле с фиксирана дължина 02102nam a2200421 c 4500
003 - Код на организацията, давaща контролен номер
Контролно поле BLK
005 - Дата и час на последна редакция
Контролно поле 20241207141457.0
008 - Елементи от данни с фиксирана дължина
fixed length control field 180408b bul|||||r ||||||| ||bul||
010 ## - Наследен системен номер
LC control number KNG00084439000
020 ## - Международен стандартен номер на книга ISBN
Международен стандартен номер на книга ISBN 978-954-340-096-6
-- издат.: Ню медиа груп
040 ## - Източник на каталожния запис
Идентификатор на билиотеката - собственик на записа BLK
041 ## - Код за език
Код за езика на текст/звукозапис или на отделно заглавие Български
Код за езика КДБФ Български
080 ## - УДК
Текстов определител УДК Вътрешна политика. Вж и 329
УДК код - определител по УДК 323
УДК определител (497.2)(092)
УДК - код + определител 323(497.2)(092)
080 ## - УДК
Текстов определител УДК Специална част на наказателното право. Видове наказуеми действия - Срещу собствена или чужда държава и управлението, политически престъпления,геноцид(прав.аспекти), наркотрафик, против мира, обществен
УДК код - определител по УДК 343.3/.7
УДК определител (497.2)(092)
УДК - код + определител 343.3/.7(497.2)(092)
080 ## - УДК
Текстов определител УДК Български борец, предприемач и шеф на ВИС-2 (1966-2005)
УДК код - определител по УДК 929 Илиев, Георги Андреев
УДК определител
УДК - код + определител 929 Илиев, Георги Андреев
139 ## - Редно поле
Редна дума Георги Илиев
Авторски знак Илие - И 52
245 10 - Сведения за заглавието
Заглавие Георги Илиев
257 ## - Страна на издаване
Страна на създаване/издаване България
260 ## - Област на издателските данни
-- София
Име на издателя, разпространителя и проч. Ню медиа груп
Година на издаване 2008
Печатница Костинброд : Мултипринт
300 ## - Физическа характеристика
Страници 128 с.
Илюстрации и др. със сн.
Размери/Мащаб 20 см
380 ## - Жанр
Жанр Обществени науки
490 1# - СЕРИИ (Колекции)
Име на серия Колекция Убитите босове
№: серия 1
600 14 - Име на лице, използвано като предмет
За него / За нея Илиев, Георги Андреев
9 (RLIN) 299428
650 #4 - Допълнително описание по предмет – тема
Основно описание – тема или топоним Мафия - България
9 (RLIN) 250884
650 #4 - Допълнително описание по предмет – тема
Основно описание – тема или топоним Престъпления и престъпници - България
9 (RLIN) 271494
650 #4 - Допълнително описание по предмет – тема
Основно описание – тема или топоним Илиев, Георги Андреев
9 (RLIN) 299428
651 #4 - Допълнително описание по предмет - топоним
Географско понятие България
9 (RLIN) 241624
653 ## - Ключова дума – ненормативна
Ключова дума бизнесмени
653 ## - Ключова дума – ненормативна
Ключова дума мафия
653 ## - Ключова дума – ненормативна
Ключова дума организирана престъпност
653 ## - Ключова дума – ненормативна
Ключова дума Георги Илиев
852 ## - Местоположение
Форматна сигнатура Цб 240513
856 4# - Електронен адрес и достъп
Електронен формат pdf - файл
Път до файла /url/
856 4# - Електронен адрес и достъп
Електронен формат pdf - файл
Път до файла /url/
942 ## - АРТИКУЛИ
Вид на библиотечния материал Книги
Скрит в OPAC Не
Koha issues (borrowed), all copies 7
944 ## - СЪЗДАВАНЕ И РЕДАКЦИЯ на ЗАПИСА
Създаване/Редакция Създаване
Дата на регистрацията/редакция 11.07.2008
Статус, дата на статуса Мартин Енчев
Служител, извършил регистрацията/редакцията 30575
944 ## - СЪЗДАВАНЕ И РЕДАКЦИЯ на ЗАПИСА
Създаване/Редакция Редакция
Дата на регистрацията/редакция 01.11.2016
Статус, дата на статуса ф /
Служител, извършил регистрацията/редакцията Людмила_Стоянова
999 ## - СИСТЕМНИ КОНТРОЛНИ НОМЕРА
Koha biblionumber 79956
Koha biblioitemnumber 79956
Наличности
Код за отписване Код за изгубен артикул Източник на класификационната схема Код за повреда Коз за рестрикции Код за отдаване Артикулен № Име на библиотеката - собственик Име на библиотеката, в която се намира в момента Статус (Текущо местоположение) Дата на вписване в системата Местоположение - отдел Цена в лева Инвентарен номер Систематично азбучна сигнатура Баркод Номер на екземпляра Цена в евро Служебна бележка Служебен тип на артикула
  Не е изгубен Universal Decimal Classification Не е повреден без рестрикции заемане за дома 129405 Регионална библиотека "Любен Каравелов" Русе Регионална библиотека "Любен Каравелов" Русе Заемна - подръчен фонд 2008-07-11 Заемна - подръчен фонд 7.00 120000727346 П 323(497.2)(092)/И 52 120000727346 1 3.58 Дост: Pk Вид: Ф N: 191 Дата: 11.07.2008 Дата инв: 02.02.2018 Бележки инв: П2018 Книги
Изтеглен Не е изгубен Universal Decimal Classification Не е повреден без рестрикции заемане за дома 129406 Регионална библиотека "Любен Каравелов" Русе Регионална библиотека "Любен Каравелов" Русе Заемна - подръчен фонд 2008-07-11 Заемна - подръчен фонд 7.00 120000727347 П 323(497.2)(092)/И 52 120000727347 2 3.58 Дост: Pk Вид: Ф N: 191 Дата: 11.07.2008 Книги
  Не е изгубен   Не е повреден без рестрикции ползва се в читалня 129407 Регионална библиотека "Любен Каравелов" Русе Регионална библиотека "Любен Каравелов" Русе Хранилище 2009-04-02 Хранилище 7.00 120000734692 Цб 240513 120000734692 3 3.58 Дост: Dp Вид: Д N: 44 Дата: 15.10.2008 Книги
  Не е изгубен   Не е повреден без рестрикции заемане за дома 129408 Регионална библиотека "Любен Каравелов" Русе Регионална библиотека "Любен Каравелов" Русе Заемна - подръчен фонд 2016-07-11 Заемна - подръчен фонд 7.00 120000802017 П 323(497.2)(092)/И 52 120000802017 4 3.58 Дост: DA Вид: А N: 27 Дата: 11.07.2016 Дата инв: 26.02.2018 Бележки инв: П2018 Книги
Vip Innovations Ltd, Rousse, Bulgaria 2025